000 00809nam a2200277 i 4500
003 CO-BoRNBP
005 20220316235436.0
007 ta
008 121119s2002 mx a gr 000 0 spa d
020 _a9589401333
040 _aCO-BoRNBP
_bspa
_cCO-BoRNBP
_erda
041 0 _aspa
082 0 4 _a796.325
_bF22r
_223
245 1 0 _aVoleibol
_breglas
_cLuis González Obregón
250 _aSegunda edición
264 1 _aMéxico
_bMexicanos Unidos
_c2002
300 _a69 páginas
_bilustraciones
_c25 cm
336 _atexto
_btxt
_2rdacontent
337 _asin mediación
_bn
_2rdamedia
338 _avolumen
_bnc
_2rdacarrier
490 _aReglamentos deportivos
650 1 4 _aDeportes
_xEnseñanza
_2ARMARC
650 1 4 _aVoleibol
_xEstrategia
_2ARMARC
650 1 4 _aVoleibol
_xReglamentos
_2ARMARC
942 _2ddc
_cBK
999 _c974
_d974